01275 a2200241 45000010006000000050017000060080041000230030015000640400040000790800053001192450014001722500012001862640041001983000019002395050558002580410008008161000016008247000025008407000019008657000022008847000031009068560096009373388320260407155629.0260407a2002 arg spa dAR-UNSa-BCEJYS aAR-UNSa-BCEJYSbspacAR-UNSa-BCEJYS a517.1xIntroducción al análisis. (Cálculo)10aCálculo a7a. ed. 1aMadrid :bEdiciones Pirámidec2002 a774 p.c26 cm. aVol I: 1. Límites y sus porpiedades - 2. La derivada - 3. Aplicaciones de la derivada - 4. Integración - 5. Funciones logarítmicas, exponenciales y otras funciones trascendentes - 6. Aplicaciones de la integral - 7. Técnicas de integración, regla del L'hopital e integrales impropias - 8. Series infinitas -- Vol. II: 9. Cónicas, ecuaciones paramétricas y coordenadas polares - 10. Vectores y geometría del espacio - 11. Funciones vectoriales - 12. Funciones de varias variables - 13. Integración múltiple - 14. Análisis vectorial. aspa1 aLarson, Ron1 aHostetler, Robert P.1 aHeyd, David E.1 aEdwards, Bruce H.1 aAbellanas Rapún, Lorenzo41uhttps://biblioeco.unsa.edu.ar/pmb/images/libros/calculoI.jpgyImagen de portadaqimage/jpeg